2025-2026 College Football Playoff Teams - Statistics

General Stats
  • This quiz has been taken 95 times
  • The average score is 11 of 12
Answer Stats
Seed Answer % Correct
9. (10-3, SEC Runner-Up) Alabama
100%
2. (12-1, Big Ten Runner-Up) Ohio State
100%
3. (12-1, SEC Champion) Georgia
99%
1. (13-0, Big Ten Champion) Indiana
99%
5. (11-1, Big Ten) Oregon
96%
10. (10-2, ACC) Miami
95%
6. (11-1, SEC) Ole Miss
95%
11. (11-2, American Champion) Tulane
91%
4. (12-1, Big 12 Champion) Texas Tech
90%
8. (10-2, SEC) Oklahoma
88%
12. (12-1, Sun Belt Champion) James Madison
87%
7. (11-1, SEC) Texas A&M
85%
No matching quizzes found
Score Distribution
Percent of People with Each Score
Percentile by Number Answered
Your Score History
You have not taken this quiz